000 00444nam a2200217Ia 4500
003 IT-RoPAU
008 120407s9999 xx 000 0 und d
040 _aIT-RoPAU
040 _cIT-RoPAU
041 _afra
100 _aM. Lepin
245 _aL’origine du quatrième Evangile.
250 _aParis
260 _aLetouzey
260 _c1907
300 _a508 p.
300 _c18 cm
490 _v1
942 _cBK
999 _c35349
_d35349